000 01301nam2a22002651 4500
001 v19\rc\1592903
005 20250618214839.0
035 _a(NLR Aleph) 004717006
090 _a4279526
_c4279526
100 _a20061002d1895 |||y0rusy50 ca
101 0 _arus
102 _aRU
105 _aa z |||||
200 0 _aза 1894 год
210 _d1895
_aБ. м.
215 _a79 с., 3 л. табл.
311 _aПрил. к ... № 4. 1895/1896
422 0 _12001#$aПротокол заседания Кавказского медицинского общества$v1895/1896, № 4
_tПротокол заседания Кавказского медицинского общества
461 0 _1001v19\rc\1592902
_12001#$aОтчет Военно-медицинской лаборатории Кавказского военного округа...$vза 1894 год
_94279516
_aКавказский военный окр.. Военно-мед. лаборатория
_cТифлис
_d1895-1906
_tОтчет Военно-медицинской лаборатории Кавказского военного округа...
_vза 1894 год
801 0 _aRU
_bNLR
_gpsbo
801 0 _aRU
_bRuMoRGB
_2psbo
801 1 _aRU
_bProSoft-M
_2rusmarc
852 _aNLR
_j2/1219
942 _cBOOK
980 _aNB